| 000 | 00467nam a22001337a 4500 | ||
|---|---|---|---|
| 005 | 20241024150803.0 | ||
| 008 | 241024b |||||||| |||| 00| 0 eng d | ||
| 041 | _aeng | ||
| 100 |
_aSUBUDHI, DR.R.N. _98592 |
||
| 245 | _aPARIKALPANA : KIITjournal of management Imagineering business , December-2023, issue. vol-19.2. UGC - CARE listed Peer reviewed journal | ||
| 260 |
_aBHUBANESWAR _bKALLINGA INSTITUTE OF INDUSTRIAL TECHNOLOGY _c2023 |
||
| 300 | _a358;P | ||
| 942 | _cJRL | ||
| 999 |
_c8722 _d8720 |
||